000 00593cam a22002053a 4500
001 34497
003 PGUSA
005 20140828083738.0
008 101129s2010||||xxu|||||s|||||000 | eng d
040 _aPGUSA
_beng
042 _adc
100 1 _aRolt-Wheeler, Francis,
_d1876-1960
245 1 4 _aThe Boy With the U. S. Survey
_h[electronic resource] /
_cFrancis Rolt-Wheeler
260 _bProject Gutenberg,
_c2010
506 _aPublic domain in the USA.
516 _aElectronic text
830 0 _aProject Gutenberg
_v34497
856 4 0 _uhttp://www.gutenberg.org/ebooks/34497
942 _cEB
999 _c263752
_d263752